Токсичные эфиры кислот фосфора: пер. с англ.

Bibliographic Details
Main Author: О'Брайн Р.
Other Authors: Кнунянц Р. (редактор)
Language:Russian
Published: Москва, Мир, 1964
Subjects:
Format: Book
KOHA link:https://koha.lib.tpu.ru/cgi-bin/koha/opac-detail.pl?biblionumber=95995

MARC

LEADER 00000nam0a2200000 4500
001 95995
005 20231101214036.0
035 |a (RuTPU)RU\TPU\book\102763 
090 |a 95995 
100 |a 20060505d1964 km y0rusy50 ca 
101 1 |a rus  |c eng 
102 |a RU 
105 |a a z 001zy 
200 1 |a Токсичные эфиры кислот фосфора  |e пер. с англ.  |f Р. О'Брайн  |g под ред. Р. Кнунянца 
210 |a Москва  |c Мир  |d 1964 
215 |a 632 с.  |c ил. 
320 |a Библиогр. в конце глав 
606 1 |a Фосфорорганические соединения  |x Химия  |2 stltpush  |3 (RuTPU)RU\TPU\subj\64192  |9 81105 
610 1 |a фосфор 
610 1 |a кислоты 
610 1 |a эфиры 
610 1 |a токсичность 
610 1 |a инсектициды 
675 |a 547.1'118  |v 3 
700 1 |a О'Брайн  |b Р. 
702 1 |a Кнунянц  |b Р.  |4 340 
801 1 |a RU  |b 63413507  |c 20060505  |g PSBO 
801 2 |a RU  |b 63413507  |c 20181030  |g PSBO 
942 |c BK